| 000 | 00576nam a2200133 a 4500 | ||
|---|---|---|---|
| 008 | 080219s2007 ||||||||||||||||| || u | ||
| 050 | _aUNESCO(08) | ||
| 110 | _aUnited Nations Economic and Social Affairs (UNESA) | ||
| 245 | 1 | 0 | _aDrivers and Barriers for Implementing Learning for sustainable Development................ |
| 260 |
_aParis _bUNITED NATIONS _c2007 |
||
| 300 | _a134p. :ill. | ||
| 350 | _a0.00 | ||
| 995 |
_D0.00 _FCBU-MAIN LIBRARY (Kitwe) _H1 _I0.00 _M1 _UAVAILABLE _WSep 11, 2008 _ZInternational Publications |
||
| 999 |
_c40503 _d40503 |
||